Loading...
| Fine Arts - Classical Music | 0 | 3 | 0 | 2 | 30 | 90 | 120.67 | 1 | 1 | 0.00 | 0.00 |
| Fine Arts - Other | 0 | 1 | 0 | 0 | 10 | 85 | 85.00 | 0 | 1 | 0.00 | 0.00 |
| Literature - American | 0 | 1 | 0 | 0 | 10 | 129 | 129.00 | 0 | 1 | 0.00 | 0.00 |
| Literature - World/Other | 0 | 1 | 0 | 0 | 10 | 53 | 53.00 | 1 | 1 | 0.00 | 0.00 |
| Mythology | 0 | 1 | 0 | 0 | 10 | 48 | 48.00 | 0 | 1 | 0.00 | 0.00 |
| Religion | 0 | 1 | 0 | 1 | 10 | 122 | 122.00 | 0 | 1 | 0.00 | 0.00 |
| Social Science | 0 | 1 | 0 | 1 | 10 | 116 | 116.00 | 0 | 1 | 0.00 | 0.00 |
| Science - Chemistry | 0 | 2 | 3 | 0 | 5 | 80 | 83.50 | 0 | 1 | 0.00 | 0.00 |
| Literature - British | 0 | 1 | 1 | 1 | 5 | 123 | 123.00 | 0 | 0 | 0.00 | 0.00 |
| Science - Other | 0 | 0 | 0 | 0 | 0 | 0.00 | 0 | 0 | 0.00 | 0.00 | |
| Science - Biology | 0 | 1 | 3 | 0 | -5 | 104 | 104.00 | 0 | 1 | 0.00 | 0.00 |